000 00723nam a2200289Ia 4500
001 4279
005 20240113233725.0
007 ta
008 050610s1984 g b000 u asm u
020 _cHB
040 _aCotton College,Assam
041 _aasm
082 _a891.412
_bD 49 A
100 _aDevagoswami, Keshavananada .
245 0 _aAnkiya Bhaona /
_cKeshavananada Devagoswami.
_hTextual Documents
250 _a1st ed. /
260 _aJorhat :
_bAssam Sahitya Sabha ,
_c1984.
300 _a90p. ;
_c21cm.
653 _aAssamese Drama
653 _aPG-Assamese
653 _aG-Assamese
942 _2ddc
_cBK
999 _c4266
_d4266